|
|
|
|
| LEADER |
01645nam a2200409 a 4500 |
| 001 |
EBC1681275 |
| 003 |
MiAaPQ |
| 005 |
20200520144314.0 |
| 006 |
m o d | |
| 007 |
cr cn||||||||| |
| 008 |
050323s2004 si ab sb 101 0 eng |
| 010 |
|
|
|z 2005347638
|
| 020 |
|
|
|z 9812388001
|
| 035 |
|
|
|a (MiAaPQ)EBC1681275
|
| 035 |
|
|
|a (Au-PeEL)EBL1681275
|
| 035 |
|
|
|a (CaPaEBR)ebr10255720
|
| 035 |
|
|
|a (CaONFJC)MIL193471
|
| 035 |
|
|
|a (OCoLC)815752367
|
| 040 |
|
|
|a MiAaPQ
|c MiAaPQ
|d MiAaPQ
|
| 043 |
|
|
|a a-cc---
|
| 050 |
|
4 |
|a HC428.N6
|b C4399 2004
|
| 245 |
0 |
0 |
|a China's west region development
|h [electronic resource] =
|b [Zhongguo xi bu] : domestic strategies and global implications /
|c edited by Ding Lu, William A.W. Neilson.
|
| 246 |
3 |
1 |
|a Zhongguo xi bu
|
| 260 |
|
|
|a Singapore ;
|a New Jersey :
|b World Scientific,
|c c2004.
|
| 300 |
|
|
|a xiv, 578 p. :
|b ill., maps.
|
| 500 |
|
|
|a Parallel title in Chinese characters.
|
| 504 |
|
|
|a Includes bibliographical references and index.
|
| 533 |
|
|
|a Electronic reproduction. Ann Arbor, MI : ProQuest, 2015. Available via World Wide Web. Access may be limited to ProQuest affiliated libraries.
|
| 651 |
|
0 |
|a China, Northwest
|x Economic policy
|v Congresses.
|
| 651 |
|
0 |
|a China, Southwest
|x Economic policy
|v Congresses.
|
| 651 |
|
0 |
|a China, Northwest
|x Economic conditions
|v Congresses.
|
| 651 |
|
0 |
|a China, Southwest
|x Economic conditions
|v Congresses.
|
| 655 |
|
4 |
|a Electronic books.
|
| 700 |
1 |
|
|a Lu, Ding,
|d 1957-
|
| 700 |
1 |
|
|a Neilson, William A. W.
|
| 710 |
2 |
|
|a ProQuest (Firm)
|
| 856 |
4 |
0 |
|u https://ebookcentral.proquest.com/lib/matrademy/detail.action?docID=1681275
|z Click to View
|